| 000 | 00583nam a2200217Ia 4500 | ||
|---|---|---|---|
| 003 | IT-RoPAU | ||
| 008 | 120407s9999 xx 000 0 und d | ||
| 040 | _aIT-RoPAU | ||
| 040 | _cIT-RoPAU | ||
| 041 | _aita | ||
| 100 | _aItalo Svevo | ||
| 245 | _aSenilità. La novella del buon vecchio e della bella fanciulla. Una burla riuscita. In “Narratori dell’Ottocento! Vol. IV | ||
| 250 | _aMilano-Napoli | ||
| 260 | _aR. Ricciardi | ||
| 260 | _c1966 | ||
| 300 | _c22 cm | ||
| 490 | _aLa letteratura italiana . - Storia e testi | ||
| 490 | _v645 | ||
| 942 | _cBK | ||
| 999 |
_c393 _d393 |
||